| 000 | 01586nam a22002297a 4500 | ||
|---|---|---|---|
| 007 | ta | ||
| 008 | 200127b1994 ck ||||er|||| 00| f spa d | ||
| 020 | _a9582808020 | ||
| 040 |
_aCO-JMCR _cCO-JMCR |
||
| 041 |
_aspa _heng |
||
| 082 |
_221 _aA-N _bGRIc |
||
| 100 | 1 |
_aGrisham, John, _eautor _952 |
|
| 245 | 1 | 0 |
_aCamara de gas : _bla máquina de la justicia está en marcha una vida depende de ello _cJohn Grisham ; traducción de Enric Tremps |
| 260 |
_aBogotá : _bPlaneta, _c1994 |
||
| 300 |
_a556 páginas ; _c22 cm. |
||
| 500 | _aTítulo original : The Chamber | ||
| 520 | _aEn Greenville, Mississippi, una bomba una bomba estalla en el despacho de Marvin Kramer, un eficiente abogado judío dedicado a la defensa de los derechos humanos. En el nefasto atentado mueren Josh y John, sus dos pequeños hijos gemelos de apenas cinco años de edad, y a él, le son amputadas ambas piernas. Sam Cayhall, conocido miembro del Klan, es acusado del homicidio y condenado a morir en la cámara de gas. Cayhall y sus abogados se valen durante muchos años de numerosos argumentos para conseguir múltiples apelaciones y aplazamientos de la muerte. Veintidós años después de su sentencia aparece Adam Hall, un joven abogado de un importante gabinete, quien hará todo lo que esté a su alcance para salvarle la vida... Un relato rebosante de suspenso y emoción; un impactante bestseller que l mantendrá cautivado durante todo su transcurso. | ||
| 546 | _atraducido del inglés | ||
| 650 | 1 |
_zEstadounidense _953 |
|
| 700 |
_aTrems, Enric _954 |
||
| 999 |
_c6404 _d6404 |
||